[Event "Stockerau-Open 2006 B-Turnier"]
[Site "Stockerau"]
[Date "2006.05.25"]
[Round "1"]
[White "Metzger, Siegfried"]
[Black "Zapfel, Paul"]
[Result "0-1"]
[WhiteElo "1600"]
[BlackElo "1795"]
[PlyCount "112"]
[EventDate "2006.05.25"]

1. e4 d5 2. exd5 Nf6 3. c4 c6 4. dxc6 Nxc6 5. b3 e5 6. Ba3 Qd4 7. Bxf8 Ne4 8.
Qe2 Rxf8 9. Nf3 Qxa1 10. Qxe4 f5 11. Qc2 Nb4 12. Qd1 e4 13. Ng5 Qxa2 14. Nc3
Nc2+ 15. Ke2 Qxb3 16. f3 h6 17. Nh3 Qxc4+ 18. Kf2 Qd4+ 19. Ke2 exf3+ 20. gxf3
Nb4 21. Ke1 Kd8 22. Bb5 Bd7 23. Bxd7 Kxd7 24. Qa4+ Nc6 25. Qxd4+ Nxd4 26. Kf2
Rae8 27. Nf4 g5 28. Nd3 f4 29. Ra1 a6 30. Ra4 Nc6 31. Nc5+ Kc7 32. h3 Re5 33.
N5e4 Ra5 34. Rc4 Rff5 35. Ne2 Rab5 36. Nd4 Kd7 37. Nxf5 Rxf5 38. Nc5+ Kc7 39.
Nb3 b5 40. Rc2 Kb6 41. d4 a5 42. Rd2 Rd5 43. Nc5 Rxd4 44. Rxd4 Nxd4 45. Nd7+
Kc6 46. Ne5+ Kd5 47. Nf7 Nf5 48. Ke2 Kc4 49. Ne5+ Kc3 50. Kd1 a4 51. Kc1 a3 52.
Kb1 b4 53. Nc6 b3 54. Ne5 Nd4 55. Ka1 Nc2+ 56. Kb1 a2+ 0-1

[Event "Stockerau-Open 2006 B-Turnier"]
[Site "Stockerau"]
[Date "2006.05.25"]
[Round "1"]
[White "Mueller, Alfred"]
[Black "Infuehr, Heinrich"]
[Result "1-0"]
[WhiteElo "1765"]
[BlackElo "1588"]
[PlyCount "95"]
[EventDate "2006.05.25"]

1. d4 Nf6 2. Nf3 d5 3. e3 g6 4. c4 Bg7 5. Nc3 O-O 6. c5 c6 7. Bd3 Nbd7 8. O-O
b6 9. cxb6 axb6 10. Bd2 Re8 11. Rc1 Bb7 12. a3 e5 13. dxe5 Nxe5 14. Nxe5 Rxe5
15. Ne2 c5 16. Bc3 Re8 17. Bb5 Re7 18. a4 Qc7 19. h3 Re4 20. Nf4 d4 21. Bd2 Rd8
22. Qc2 dxe3 23. fxe3 Bc6 24. b4 Bxb5 25. axb5 c4 26. Ne2 Rh4 27. Nd4 Rc8 28.
Be1 Rh5 29. Nc6 Rxb5 30. Qxc4 Qxc6 31. Qxc6 Rxc6 32. Rxc6 Nd5 33. Bg3 Nxe3 34.
Rc8+ Bf8 35. Bd6 Nxf1 36. Bxf8 f5 37. Kxf1 Kf7 38. Ke2 Re5+ 39. Kd2 h5 40. Bh6
Re6 41. Bg5 Rd6+ 42. Kc3 Rd1 43. g3 h4 44. gxh4 Rh1 45. Rc7+ Ke8 46. Re7+ Kf8
47. Re3 Kf7 48. Rd3 1-0

[Event "Stockerau-Open 2006 B-Turnier"]
[Site "Stockerau"]
[Date "2006.05.25"]
[Round "1"]
[White "Scherzer, Heinrich"]
[Black "Knab, Wilhelm"]
[Result "0-1"]
[WhiteElo "1581"]
[BlackElo "1764"]
[PlyCount "56"]
[EventDate "2006.05.25"]

1. d4 d5 2. c4 e6 3. Nc3 Nf6 4. Nf3 Nbd7 5. Bg5 Be7 6. e3 O-O 7. Bd3 c6 8. O-O
dxc4 9. Bxc4 Nd5 10. Bxe7 Qxe7 11. Nxd5 exd5 12. Bd3 Nf6 13. Ne5 g6 14. Qc2 Ne4
15. Rae1 Kg7 16. f3 Nd6 17. e4 Be6 18. exd5 cxd5 19. f4 Rac8 20. Qb1 f6 21. Nf3
Qd7 22. Rc1 Nc4 23. Rce1 Bg4 24. Rf2 Nd6 25. Nh4 Ne4 26. Bxe4 dxe4 27. Qxe4
Rfe8 28. Qd3 Rxe1+ 0-1

[Event "Stockerau-Open 2006 B-Turnier"]
[Site "Stockerau"]
[Date "2006.05.25"]
[Round "1"]
[White "Koellner, Franz-Josef"]
[Black "Jirku, Erich"]
[Result "1-0"]
[WhiteElo "1726"]
[BlackElo "1571"]
[PlyCount "115"]
[EventDate "2006.05.25"]

1. e4 g6 2. d4 Bg7 3. c3 d6 4. f4 c6 5. Nf3 Bg4 6. Be2 Bxf3 7. Bxf3 Nf6 8. Qb3
Qc7 9. Be3 e6 10. Nd2 b5 11. a4 bxa4 12. Qxa4 O-O 13. O-O Nbd7 14. b4 Nb6 15.
Qa6 d5 16. e5 Nfd7 17. Ra5 Qc8 18. Qd3 Qc7 19. Rfa1 Rfe8 20. Be2 Bf8 21. Qc2
Be7 22. Qa2 Nc8 23. Nb3 Rf8 24. Ra6 Nb8 25. Ra4 Qb6 26. Ra5 Nd7 27. Ba6 Qd8 28.
Bxc8 Rxc8 29. Rxa7 Nb6 30. Nd2 Ra8 31. Qa6 Rxa7 32. Qxa7 Qa8 33. Nb3 Qxa7 34.
Rxa7 Bd8 35. Bc1 Nc8 36. Ra6 Ne7 37. Nc5 Re8 38. Nd7 Kg7 39. g4 h5 40. h3 hxg4
41. hxg4 Rh8 42. Ra8 Bc7 43. Rxh8 Kxh8 44. Kg2 Kg7 45. Ba3 Nc8 46. Kf3 Nb6 47.
Nc5 Nc4 48. Bc1 Nb6 49. Na6 Na8 50. Ba3 f6 51. g5 fxg5 52. fxg5 Kf7 53. Ke2 Bd8
54. Nb8 Bxg5 55. Nxc6 Nb6 56. b5 Nc8 57. Bc5 Be7 58. b6 1-0

[Event "Stockerau-Open 2006 B-Turnier"]
[Site "Stockerau"]
[Date "2006.05.25"]
[Round "1"]
[White "Gindl, Josef"]
[Black "Kristofic, Mario"]
[Result "0-1"]
[WhiteElo "1570"]
[BlackElo "1682"]
[PlyCount "50"]
[EventDate "2006.05.25"]

1. d4 Nf6 2. c4 e5 3. e3 exd4 4. exd4 d5 5. Nf3 Bb4+ 6. Bd2 Qe7+ 7. Qe2 O-O 8.
Qxe7 Bxe7 9. Bd3 Nc6 10. a3 dxc4 11. Bxc4 Bg4 12. Be3 Bxf3 13. gxf3 Rad8 14.
O-O Nxd4 15. Nd2 Nc2 16. Rad1 Nxe3 17. fxe3 Bc5 18. Rfe1 a5 19. Kg2 g6 20. e4
Bd4 21. b3 Bc3 22. Re2 Nh5 23. Kf1 Nf4 24. Kf2 Nxe2 25. Bxe2 Rxd2 0-1

[Event "Stockerau-Open 2006 B-Turnier"]
[Site "Stockerau"]
[Date "2006.05.25"]
[Round "1"]
[White "Eberdorfer, Wolfgang"]
[Black "Grabenweger, Wolfgang"]
[Result "1-0"]
[WhiteElo "1665"]
[BlackElo "1533"]
[PlyCount "89"]
[EventDate "2006.05.25"]

1. d4 e6 2. c4 Nf6 3. Nc3 d5 4. Bg5 Be7 5. Nf3 Nbd7 6. cxd5 exd5 7. e3 c6 8.
Bd3 h6 9. Bh4 O-O 10. Rc1 Re8 11. O-O Nh7 12. Bxe7 Rxe7 13. Qc2 Nhf6 14. Rfe1
Nf8 15. h3 Be6 16. b4 Rc8 17. Nd2 Qd7 18. Nb3 b6 19. f4 g6 20. Qf2 Bf5 21. Bxf5
Qxf5 22. Qh4 h5 23. Nd2 Rce8 24. Nd1 Ne4 25. Nxe4 Qxe4 26. Rxc6 Ne6 27. Nf2 g5
28. Nxe4 gxh4 29. Nf6+ Kf8 30. Nxe8 Kxe8 31. Rec1 Rd7 32. Kf2 Rd8 33. Rc8 Kd7
34. Rxd8+ Nxd8 35. b5 f5 36. Kf3 Nb7 37. g4 hxg4+ 38. hxg4 fxg4+ 39. Kxg4 Nd6
40. Rh1 Nxb5 41. Rxh4 Ke6 42. f5+ Kf6 43. Rh6+ Kg7 44. Kg5 Nc3 45. f6+ 1-0

[Event "Stockerau-Open 2006 B-Turnier"]
[Site "Stockerau"]
[Date "2006.05.25"]
[Round "1"]
[White "Krueckel, Franz"]
[Black "Trzil, Friedrich"]
[Result "0-1"]
[WhiteElo "1525"]
[BlackElo "1658"]
[PlyCount "84"]
[EventDate "2006.05.25"]

1. d4 d5 2. Nf3 Nf6 3. g3 e6 4. Bg2 c5 5. Bg5 cxd4 6. Qxd4 Be7 7. O-O Nc6 8.
Qd2 Ne4 9. Bxe7 Qxe7 10. Qd3 Bd7 11. a3 Rc8 12. Nbd2 Nxd2 13. Nxd2 O-O 14. f4
Nb8 15. Kh1 Qc5 16. c4 dxc4 17. Qc3 b5 18. Ne4 Qc7 19. Rad1 Bc6 20. Rd4 Rcd8
21. Rfd1 Bd5 22. b3 Nc6 23. Rxd5 exd5 24. Ng5 d4 25. Qf3 Ne7 26. bxc4 h6 27.
Ne4 bxc4 28. f5 Qe5 29. f6 Nf5 30. Bh3 Ne3 31. Rc1 c3 32. fxg7 Kxg7 33. Nf2 c2
34. Nd3 Qd5 35. Bg2 Qxf3 36. Bxf3 Rb8 37. Nb4 Rfd8 38. Be4 Re8 39. Bd3 Rbc8 40.
Kg1 Re5 41. Kf2 Rec5 42. Kf3 a5 0-1

[Event "Stockerau-Open 2006 B-Turnier"]
[Site "Stockerau"]
[Date "2006.05.25"]
[Round "1"]
[White "Paseka, Christian"]
[Black "Hetfleis, Enrico"]
[Result "1/2-1/2"]
[WhiteElo "1641"]
[BlackElo "1503"]
[PlyCount "68"]
[EventDate "2006.05.25"]

1. d4 d5 2. Nf3 Nf6 3. c4 c6 4. e3 e6 5. Bd3 Nbd7 6. Nbd2 Be7 7. O-O b6 8. b3
Bb7 9. Bb2 O-O 10. e4 dxe4 11. Nxe4 Nxe4 12. Bxe4 Nf6 13. Bc2 c5 14. d5 exd5
15. Bxf6 Bxf6 16. Qd3 g6 17. Rad1 d4 18. Rfe1 Re8 19. Rxe8+ Qxe8 20. Re1 Qd7
21. h4 Re8 22. Rxe8+ Qxe8 23. h5 Bxf3 24. Qxf3 Qe1+ 25. Kh2 Qe5+ 26. Kg1 Kg7
27. hxg6 hxg6 28. g3 Qe1+ 29. Kg2 Qc3 30. Qe4 Qd2 31. Kf1 Qc1+ 32. Kg2 Qd2 33.
Kf1 Qg5 34. Kg2 Qd2 1/2-1/2

[Event "Stockerau-Open 2006 B-Turnier"]
[Site "Stockerau"]
[Date "2006.05.25"]
[Round "1"]
[White "Gindl, Herbert"]
[Black "Schmied, Kurt"]
[Result "1-0"]
[WhiteElo "1500"]
[BlackElo "1636"]
[PlyCount "117"]
[EventDate "2006.05.25"]

1. e4 d6 2. d4 g6 3. Nf3 Bg7 4. Nc3 Nc6 5. Be3 Nf6 6. h3 Bd7 7. Bb5 a6 8. Be2
b5 9. a3 Bc8 10. O-O Bb7 11. Qd2 Nb8 12. Bd3 h5 13. d5 Nfd7 14. Bd4 Bxd4 15.
Nxd4 Ne5 16. Be2 c6 17. Nf3 Nxf3+ 18. Bxf3 c5 19. Rfe1 Nd7 20. Be2 Qb6 21. Nd1
Ne5 22. b3 Rc8 23. Ne3 Nd7 24. c4 O-O 25. Rac1 Nf6 26. Bd3 Nd7 27. Qe2 Ne5 28.
Bb1 b4 29. a4 a5 30. f4 Nd7 31. g4 Nf6 32. Kh2 Kg7 33. Rg1 Rh8 34. Qb2 Kg8 35.
gxh5 Nxh5 36. Rg4 Nf6 37. Rg3 Kh7 38. Qg2 Rcg8 39. Rg1 Bc8 40. f5 Kg7 41. fxg6
fxg6 42. Rxg6+ Kf8 43. Rxg8+ Rxg8 44. Qf2 Rh8 45. Rg3 Ke8 46. Kg2 Rf8 47. Qe2
Qd8 48. Ng4 Nxg4 49. hxg4 Kd7 50. e5 Kc7 51. e6 Bb7 52. Rf3 Re8 53. g5 Rg8 54.
g6 Qe8 55. Rf7 Kb6 56. Qf3 Qc8 57. Qf5 Qe8 58. g7 Bc8 59. Kf2 1-0

[Event "Stockerau-Open 2006 B-Turnier"]
[Site "Stockerau"]
[Date "2006.05.25"]
[Round "1"]
[White "Weindl, Gerhard"]
[Black "Hansal, Franz"]
[Result "1-0"]
[WhiteElo "1632"]
[BlackElo "1399"]
[PlyCount "79"]
[EventDate "2006.05.25"]

1. e4 c5 2. Nf3 d6 3. d4 cxd4 4. Nxd4 Nf6 5. Nc3 a6 6. Bd3 e6 7. O-O Be7 8. Re1
O-O 9. a3 Qc7 10. Nf3 Nc6 11. Bf4 Nh5 12. Bg3 Nxg3 13. hxg3 b6 14. Qe2 e5 15.
Nd5 Qd8 16. c3 Be6 17. Nxe7+ Nxe7 18. Bxa6 Qc7 19. Bb5 Bd7 20. Bxd7 Qxd7 21.
Rad1 f6 22. Rd2 Rfd8 23. Red1 Nc8 24. Rd5 Qc6 25. Qb5 Qxb5 26. Rxb5 Ra5 27.
Rdd5 Rxb5 28. Rxb5 Kf7 29. Nd2 Rd7 30. Nc4 Rb7 31. a4 Ke6 32. a5 Na7 33. Rxb6
Rxb6 34. Nxb6 Nc6 35. a6 Na7 36. b4 Ke7 37. c4 Kd8 38. b5 Kc7 39. Nd5+ Kd7 40.
b6 1-0

[Event "Stockerau-Open 2006 B-Turnier"]
[Site "Stockerau"]
[Date "2006.05.25"]
[Round "2"]
[White "Zapfel, Paul"]
[Black "Weindl, Gerhard"]
[Result "0-1"]
[WhiteElo "1795"]
[BlackElo "1632"]
[PlyCount "98"]
[EventDate "2006.05.25"]

1. e4 e5 2. Nf3 Nc6 3. d4 exd4 4. Bc4 f6 5. O-O Ne5 6. Bxg8 Nxf3+ 7. Qxf3 Rxg8
8. Qh5+ g6 9. Qd5 Rg7 10. Bh6 Rf7 11. Bxf8 Kxf8 12. Qxd4 Qe7 13. Nc3 c6 14.
Rfe1 Qe5 15. Qd2 Kg8 16. f4 Qe7 17. Rad1 b6 18. Qd6 Ba6 19. e5 fxe5 20. Qxe7
Rxe7 21. Rxe5 Rae8 22. Rde1 Rxe5 23. Rxe5 Rxe5 24. fxe5 Kf7 25. Ne4 h6 26. Nf6
Ke6 27. Kf2 Bc8 28. Ke3 d6 29. Ng8 Kxe5 30. Nxh6 Be6 31. h3 Kf6 32. Kf3 Kg5 33.
Ng4 Bxg4+ 34. hxg4 d5 35. a4 a5 36. b3 b5 37. c3 bxa4 38. bxa4 c5 39. g3 d4 40.
cxd4 cxd4 41. Ke4 Kxg4 42. Kxd4 Kxg3 43. Kc5 g5 44. Kb5 g4 45. Kxa5 Kh2 46. Kb5
g3 47. a5 g2 48. a6 g1=Q 49. Kc6 Qa7 0-1

[Event "Stockerau-Open 2006 B-Turnier"]
[Site "Stockerau"]
[Date "2006.05.25"]
[Round "2"]
[White "Trzil, Friedrich"]
[Black "Mueller, Alfred"]
[Result "1/2-1/2"]
[WhiteElo "1658"]
[BlackElo "1765"]
[PlyCount "93"]
[EventDate "2006.05.25"]

1. e4 c5 2. Nf3 Nc6 3. d4 cxd4 4. Nxd4 d6 5. Nc3 e6 6. Be2 Nf6 7. O-O Be7 8.
Be3 O-O 9. Qd2 a6 10. Nxc6 bxc6 11. f3 Bb7 12. Na4 c5 13. Rfd1 Bc6 14. Nc3 d5
15. exd5 exd5 16. Bg5 d4 17. Qf4 Qb6 18. Bxf6 Bxf6 19. Ne4 Bxe4 20. Qxe4 Rfe8
21. Qd3 Re3 22. Qc4 Qxb2 23. Bd3 Qb6 24. Rab1 Qd6 25. Rb7 Re7 26. Rdb1 g6 27.
R7b6 Qe5 28. Be4 Raa7 29. Rxa6 Kg7 30. g3 Bg5 31. Kg2 Be3 32. Rxa7 Rxa7 33. a4
Bd2 34. Rb7 Rxb7 35. Bxb7 Bb4 36. Ba6 f5 37. Qe2 Kf6 38. Qb5 g5 39. Qb6+ Qe6
40. a5 Qxb6 41. axb6 Ba5 42. b7 Bc7 43. Kf2 f4 44. g4 Ke6 45. Bc4+ Kd6 46. Bd3
h6 47. Be4 1/2-1/2

[Event "Stockerau-Open 2006 B-Turnier"]
[Site "Stockerau"]
[Date "2006.05.25"]
[Round "2"]
[White "Knab, Wilhelm"]
[Black "Gindl, Herbert"]
[Result "1/2-1/2"]
[WhiteElo "1764"]
[BlackElo "1500"]
[PlyCount "114"]
[EventDate "2006.05.25"]

1. e4 c6 2. d4 d5 3. Nc3 dxe4 4. Nxe4 Bf5 5. Ng3 Bg6 6. Nf3 Nd7 7. Bd3 Bxd3 8.
Qxd3 e6 9. O-O Ngf6 10. Re1 Be7 11. c3 Rc8 12. Be3 Nd5 13. Ne5 Nxe3 14. Qxe3
Nf6 15. Ne4 Nxe4 16. Qxe4 O-O 17. Rad1 Qc7 18. Re3 Rce8 19. Rh3 g6 20. Qf4 g5
21. Qe4 f5 22. Qe2 g4 23. Rhd3 Rf6 24. f4 Rh6 25. g3 Rd8 26. Nc4 Bf8 27. Re1
Re8 28. Ne3 Qf7 29. Nc4 Qf6 30. Qe5 Qe7 31. Rde3 Qd7 32. R3e2 Qe7 33. a3 Qd7
34. Ne3 Bd6 35. Qa5 Bb8 36. Nxf5 Rf6 37. Nh4 Qd5 38. Qxd5 cxd5 39. f5 Kf7 40.
fxe6+ Rexe6 41. Rxe6 Rxe6 42. Rxe6 Kxe6 43. Kf2 Bd6 44. Ke3 a6 45. Ng2 Kf5 46.
Kd3 h5 47. c4 dxc4+ 48. Kxc4 Ke4 49. Nh4 b5+ 50. Kc3 Be7 51. d5 Kxd5 52. Ng6
Bf6+ 53. Kc2 Bg5 54. Kd3 Bc1 55. Kc2 Be3 56. Kd3 Bc1 57. Kc2 Be3 1/2-1/2

[Event "Stockerau-Open 2006 B-Turnier"]
[Site "Stockerau"]
[Date "2006.05.25"]
[Round "2"]
[White "Schmied, Kurt"]
[Black "Paseka, Christian"]
[Result "0-1"]
[WhiteElo "1636"]
[BlackElo "1641"]
[PlyCount "104"]
[EventDate "2006.05.25"]

1. f4 d5 2. g3 Nf6 3. Bg2 c6 4. Nf3 Bf5 5. Nd4 Be4 6. Bxe4 Nxe4 7. d3 Nd6 8.
Nd2 g6 9. c3 Bg7 10. N4f3 Nd7 11. d4 e6 12. Ne5 Qc7 13. Nb3 b6 14. Nd2 c5 15.
Nxd7 Qxd7 16. Nf3 cxd4 17. Nxd4 a6 18. Nb3 Nb5 19. Be3 Qc6 20. Bd4 Nxd4 21.
Nxd4 Qb7 22. e3 O-O 23. O-O Rac8 24. Nf3 Rc7 25. Qe2 Rfc8 26. Nd4 Rc4 27. Qf3
b5 28. Nb3 Qb6 29. Qf2 a5 30. Rad1 b4 31. Nd2 R4c7 32. Nb1 bxc3 33. bxc3 Bxc3
34. Rc1 Bb4 35. Rxc7 Rxc7 36. a3 Bc5 37. Qe2 Bxe3+ 38. Kg2 d4 39. Kh3 a4 40.
Qd3 Qb2 41. Qe4 Rc1 42. Rxc1 Qxc1 43. Qa8+ Kg7 44. Qb7 d3 45. Qb4 d2 46. Qc3+
Qxc3 47. Nxc3 Bc5 48. Kg2 Bxa3 49. Kf2 Bb2 50. Nd1 a3 51. Ke2 a2 52. Nxb2 a1=Q
0-1

[Event "Stockerau-Open 2006 B-Turnier"]
[Site "Stockerau"]
[Date "2006.05.25"]
[Round "2"]
[White "Zwerger, Kurt"]
[Black "Jirku, Erich"]
[Result "0-1"]
[WhiteElo "1630"]
[BlackElo "1571"]
[PlyCount "96"]
[EventDate "2006.05.25"]

1. d4 g6 2. e4 Bg7 3. Nf3 d6 4. Bc4 Nf6 5. Nc3 O-O 6. O-O c6 7. Bb3 Bg4 8. h3
Bxf3 9. Qxf3 e6 10. Bg5 Nbd7 11. Rad1 Qc7 12. Rfe1 e5 13. d5 h6 14. Bc1 a6 15.
a3 c5 16. Ba2 b5 17. b3 b4 18. Ne2 a5 19. c3 Nb6 20. c4 a4 21. axb4 axb3 22.
Bxb3 cxb4 23. Bb2 Ra7 24. Rd2 Nfd7 25. Nc1 Nc5 26. Rc2 Rfa8 27. Re3 Nba4 28.
Ba2 h5 29. Ree2 Bh6 30. Nd3 Nxd3 31. Qxd3 Nc5 32. Qf3 Rxa2 33. Qf6 Qd8 34. Bxe5
Qxf6 35. Bxf6 Rxc2 36. Rxc2 Nxe4 37. Be7 Bf8 38. f3 Nc5 39. Bf6 Bg7 40. Be7 Nb7
41. Bxd6 Nxd6 42. c5 Nb5 43. Rc4 Bc3 44. Kh2 Rc8 45. c6 Kf8 46. Rc5 Nd6 47. Kg3
Be5+ 48. f4 Ne4+ 0-1

[Event "Stockerau-Open 2006 B-Turnier"]
[Site "Stockerau"]
[Date "2006.05.25"]
[Round "2"]
[White "Scharf, Leopold"]
[Black "Gindl, Josef"]
[Result "1/2-1/2"]
[WhiteElo "1620"]
[BlackElo "1570"]
[PlyCount "123"]
[EventDate "2006.05.25"]

1. e4 e5 2. Nf3 Nc6 3. Bc4 Bc5 4. b4 Bxb4 5. c3 Bc5 6. O-O Nf6 7. d4 Bb6 8.
dxe5 Nxe4 9. Qd5 O-O 10. Qxe4 d6 11. Ng5 g6 12. exd6 cxd6 13. Kh1 Qf6 14. Nxf7
Rxf7 15. Qe8+ Kg7 16. Bxf7 Qxf7 17. Bh6+ Kf6 18. Re1 Qxe8 19. Rxe8 Kf7 20. Rf8+
Ke7 21. Nd2 Rb8 22. Re1+ Be6 23. Rxb8 Nxb8 24. Be3 Ba5 25. Bd4 Nc6 26. Nb3 Bc7
27. f3 Kd7 28. g4 Nxd4 29. cxd4 Bd5 30. Kg2 a5 31. Kf2 a4 32. Nc1 b5 33. h4 h6
34. a3 Bd8 35. Kg3 Bf6 36. Rd1 Kc6 37. Nd3 Bxd4 38. Nb4+ Kc5 39. Nxd5 Kxd5 40.
f4 b4 41. axb4 a3 42. Rd2 Kc4 43. b5 Kc3 44. Rd1 a2 45. Kf3 Kc4 46. b6 Bxb6 47.
Ra1 Kb3 48. Ke4 Kb2 49. Rf1 a1=Q 50. Rxa1 Kxa1 51. h5 gxh5 52. gxh5 Bd8 53. Kd5
Be7 54. f5 Kb2 55. Ke6 Bf8 56. f6 Kc3 57. Kf7 d5 58. Kxf8 d4 59. Kg7 d3 60. f7
d2 61. f8=Q d1=Q 62. Qf6+ 1/2-1/2

[Event "Stockerau-Open 2006 B-Turnier"]
[Site "Stockerau"]
[Date "2006.05.25"]
[Round "2"]
[White "Grabenweger, Wolfgang"]
[Black "Stockhammer, Christian"]
[Result "0-1"]
[WhiteElo "1533"]
[BlackElo "1608"]
[PlyCount "82"]
[EventDate "2006.05.25"]

1. e4 c5 2. Nf3 e6 3. Nc3 Nc6 4. Be2 Nf6 5. d3 d5 6. exd5 exd5 7. Bg5 Be7 8. h3
Be6 9. O-O O-O 10. Nh2 Qd7 11. f4 Nd4 12. Nf3 Nf5 13. Qd2 h6 14. Ne5 Qd8 15.
Bxf6 Bxf6 16. Rf3 Nd6 17. Kh1 d4 18. Ne4 Nxe4 19. dxe4 Bxe5 20. fxe5 Qc7 21.
Qf4 Rae8 22. Rg3 Kh8 23. Bg4 Bxg4 24. Rxg4 Qxe5 25. Re1 Qxf4 26. Rxf4 Re5 27.
Ref1 f6 28. Rf5 Rfe8 29. Rxe5 Rxe5 30. Rf4 Kg8 31. g4 Kf7 32. Kg2 Ke6 33. Kf3
g5 34. Rf5 Rxf5+ 35. exf5+ Ke5 36. b3 b5 37. a3 a5 38. c4 dxc3 39. Ke2 Kd4 40.
a4 bxa4 41. bxa4 Ke4 0-1

[Event "Stockerau-Open 2006 B-Turnier"]
[Site "Stockerau"]
[Date "2006.05.25"]
[Round "2"]
[White "Hansal, Franz"]
[Black "Metzger, Siegfried"]
[Result "0-1"]
[WhiteElo "1399"]
[BlackElo "1600"]
[PlyCount "59"]
[EventDate "2006.05.25"]

1. e4 e5 2. Nf3 Nc6 3. d4 exd4 4. Bc4 h6 5. c3 dxc3 6. Nxc3 Nf6 7. O-O d6 8.
Nd5 Be7 9. h3 Nxe4 10. Re1 Nc5 11. Bb5 Be6 12. Bxc6+ bxc6 13. Nxe7 Qxe7 14. Nd4
Qd7 15. b4 Nb7 16. Nxe6 fxe6 17. Qh5+ Kf8 18. Re3 Kg8 19. Rg3 Rf8 20. Bxh6 Rh7
21. Re1 Qf7 22. Qxf7+ Rxf7 23. Rxe6 Nd8 24. Re8+ Rf8 25. Rxf8+ Kxf8 26. Be3 a6
27. Ba7 Ke8 28. Bb8 Ne6 29. Ra3 g5 30. Rxa6 0-1

[Event "Stockerau-Open 2006 B-Turnier"]
[Site "Stockerau"]
[Date "2006.05.25"]
[Round "2"]
[White "Infuehr, Heinrich"]
[Black "Krueckel, Franz"]
[Result "1-0"]
[WhiteElo "1588"]
[BlackElo "1525"]
[PlyCount "87"]
[EventDate "2006.05.25"]

1. d4 d5 2. c4 c6 3. e3 Nf6 4. Nc3 e6 5. c5 b6 6. b4 Ba6 7. Bxa6 Nxa6 8. a3 Be7
9. Nf3 O-O 10. O-O Nd7 11. Re1 Bf6 12. Rb1 e5 13. a4 Nc7 14. Qc2 e4 15. Nd2 Rb8
16. cxb6 Rxb6 17. Ba3 Be7 18. Rb3 f5 19. f4 g5 20. Ne2 Rf7 21. Rc1 Rg7 22. b5
Bxa3 23. Rxa3 Nb8 24. Rc3 Rg6 25. Nb3 a6 26. bxc6 Qe7 27. Na5 Qb4 28. Rc5 Qb2
29. Qd1 Qa3 30. R1c3 Qa2 31. Rc1 Rb2 32. Ra1 Rd2 33. Qb1 Qxb1+ 34. Rxb1 Nxc6
35. Kf1 Nxa5 36. Rxc7 Rf6 37. fxg5 Rf8 38. Nf4 Nc4 39. Nxd5 Nxe3+ 40. Nxe3 f4
41. Nd5 e3 42. Nf6+ Rxf6 43. gxf6 Rf2+ 44. Ke1 1-0

[Event "Stockerau-Open 2006 B-Turnier"]
[Site "Stockerau"]
[Date "2006.05.26"]
[Round "3"]
[White "Eberdorfer, Wolfgang"]
[Black "Kristofic, Mario"]
[Result "1/2-1/2"]
[WhiteElo "1665"]
[BlackElo "1682"]
[PlyCount "59"]
[EventDate "2006.05.25"]

1. d4 Nf6 2. c4 e5 3. dxe5 Ng4 4. Nf3 Nc6 5. Bf4 Bb4+ 6. Nc3 Qe7 7. e3 Bxc3+ 8.
bxc3 Ngxe5 9. Nxe5 Nxe5 10. Be2 O-O 11. O-O d6 12. Rb1 b6 13. Qd4 Bb7 14. Rfd1
Nc6 15. Qd2 Na5 16. Qb2 Qe6 17. Qb4 Qg6 18. Bf1 Rae8 19. Bg3 Nc6 20. Qb5 a6 21.
Qb2 Ne5 22. Rd4 f5 23. Rbd1 h5 24. Qb3 Qf7 25. Qb1 Be4 26. Qb3 g5 27. Bxe5 Rxe5
28. Bd3 Bxd3 29. R4xd3 Kg7 30. Rd5 1/2-1/2

[Event "Stockerau-Open 2006 B-Turnier"]
[Site "Stockerau"]
[Date "2006.05.26"]
[Round "3"]
[White "Weindl, Gerhard"]
[Black "Mueller, Alfred"]
[Result "1/2-1/2"]
[WhiteElo "1632"]
[BlackElo "1765"]
[PlyCount "112"]
[EventDate "2006.05.25"]

1. e4 c5 2. Nf3 Nf6 3. d4 cxd4 4. Nxd4 a6 5. Nc3 e6 6. Be3 Nc6 7. Be2 Bb4 8. f3
Qa5 9. Qd2 d5 10. Bd3 dxe4 11. Bxe4 Nxe4 12. fxe4 Ne5 13. Nb3 Qc7 14. Bf4 f6
15. a3 Be7 16. O-O-O O-O 17. Bxe5 Qxe5 18. Kb1 b5 19. Qd4 Qc7 20. Nd5 Qb7 21.
Na5 Qa7 22. Qxa7 Rxa7 23. Nc6 exd5 24. Nxa7 dxe4 25. Nxc8 Rxc8 26. Rhe1 f5 27.
g3 Kf7 28. c3 Ke6 29. Kc2 b4 30. axb4 Bxb4 31. Rd4 Bd6 32. Red1 Be5 33. Ra4 Rc6
34. Rda1 Kf6 35. Rxa6 Rxa6 36. Rxa6+ Kg5 37. Re6 Bf6 38. h3 h5 39. b4 h4 40.
gxh4+ Kxh4 41. b5 Bg5 42. b6 Bf4 43. b7 Kxh3 44. Rg6 Be5 45. Rxg7 f4 46. Re7
Bd6 47. Rxe4 f3 48. Re3 Kg2 49. Kd3 f2 50. Re2 Kg1 51. Rxf2 Kxf2 52. c4 Kf3 53.
c5 Be5 54. c6 Kf4 55. Kc4 Ke4 56. Kb5 Bc7 1/2-1/2

[Event "Stockerau-Open 2006 B-Turnier"]
[Site "Stockerau"]
[Date "2006.05.26"]
[Round "3"]
[White "Koellner, Franz-Josef"]
[Black "Trzil, Friedrich"]
[Result "1-0"]
[WhiteElo "1726"]
[BlackElo "1658"]
[PlyCount "71"]
[EventDate "2006.05.25"]

1. e4 e5 2. Nf3 Nc6 3. Bb5 d6 4. d4 exd4 5. Nxd4 Bd7 6. Nxc6 Bxc6 7. Bxc6+ bxc6
8. O-O Nf6 9. Re1 Nd7 10. Qg4 Ne5 11. Qg3 Ng6 12. b3 Be7 13. Bb2 O-O 14. Nc3
Qd7 15. f4 Bh4 16. Qf3 Bxe1 17. Rxe1 Rfe8 18. g3 f5 19. Rf1 fxe4 20. Nxe4 Qe7
21. Re1 Qf7 22. Rf1 h6 23. h4 Nxh4 24. gxh4 Qg6+ 25. Ng3 Re7 26. Kh2 Qxc2+ 27.
Rf2 Qc5 28. Rg2 Rf8 29. Qg4 Qd5 30. Nh5 Qf5 31. Qxf5 Rxf5 32. Nxg7 Rxg7 33.
Rxg7+ Kf8 34. Rxc7 Rxf4 35. Kg3 Rf1 36. Bg7+ 1-0

[Event "Stockerau-Open 2006 B-Turnier"]
[Site "Stockerau"]
[Date "2006.05.26"]
[Round "3"]
[White "Gindl, Herbert"]
[Black "Zapfel, Paul"]
[Result "0-1"]
[WhiteElo "1500"]
[BlackElo "1795"]
[PlyCount "48"]
[EventDate "2006.05.25"]

1. e4 d5 2. exd5 Nf6 3. Nc3 Nxd5 4. Nxd5 Qxd5 5. d4 Nc6 6. c3 Bf5 7. Qf3 e6 8.
Qxd5 exd5 9. Bf4 O-O-O 10. Bb5 Bd6 11. Bxd6 Rxd6 12. Ne2 Re8 13. O-O a6 14.
Bxc6 Rxe2 15. Ba4 Rxb2 16. Rfe1 Re6 17. Rxe6 Bxe6 18. Bb3 c6 19. h3 Bf5 20. Re1
Kd7 21. Kf1 Bd3+ 22. Kg1 Bc2 23. Bxc2 Rxc2 24. Rb1 b5 0-1

[Event "Stockerau-Open 2006 B-Turnier"]
[Site "Stockerau"]
[Date "2006.05.26"]
[Round "3"]
[White "Jirku, Erich"]
[Black "Infuehr, Heinrich"]
[Result "1-0"]
[WhiteElo "1571"]
[BlackElo "1588"]
[PlyCount "69"]
[EventDate "2006.05.25"]

1. e4 c5 2. Nf3 d6 3. h3 Nf6 4. Nc3 e6 5. a3 a6 6. Bc4 Be7 7. O-O Nc6 8. d3 O-O
9. Ne2 b5 10. Ba2 Bb7 11. Ng3 Qc7 12. Bf4 h6 13. c3 Rad8 14. Qe2 Qb6 15. Be3 d5
16. e5 Nd7 17. d4 cxd4 18. cxd4 a5 19. Bb1 b4 20. Bd3 f5 21. exf6 Bxf6 22. Nh5
Bxd4 23. Nxd4 Nxd4 24. Qg4 g5 25. Bxd4 Qd6 26. Bg7 Rf4 27. Nxf4 e5 28. Nh5 e4
29. Bb5 Bc8 30. Bxd7 Bxd7 31. Qd1 Kf7 32. Qd4 Rg8 33. Qf6+ Qxf6 34. Nxf6 Kxg7
35. Nxd7 1-0

[Event "Stockerau-Open 2006 B-Turnier"]
[Site "Stockerau"]
[Date "2006.05.26"]
[Round "3"]
[White "Zwerger, Kurt"]
[Black "Scharf, Leopold"]
[Result "0-1"]
[WhiteElo "1630"]
[BlackElo "1620"]
[PlyCount "64"]
[EventDate "2006.05.25"]

1. d4 Nf6 2. c4 e6 3. a3 d5 4. Nc3 Be7 5. Nf3 Nbd7 6. Bf4 Nh5 7. Bd2 dxc4 8. e4
Nb6 9. Ne5 Nf6 10. Be3 O-O 11. Nxc4 Nfd7 12. Bd3 c5 13. O-O Nxc4 14. Bxc4 cxd4
15. Bxd4 Qc7 16. Bd3 Bc5 17. Nb5 Qd8 18. Bc3 a6 19. Nd4 Qb6 20. Nf3 Qd8 21. e5
b5 22. b4 Ba7 23. Qc2 h6 24. Be4 Rb8 25. Rad1 Qc7 26. Rd2 Bb7 27. Re1 Rfc8 28.
Rd3 Bxe4 29. Rxe4 Nb6 30. Qb2 Na4 31. Qd2 Nxc3 32. Rd7 Nxe4 0-1

[Event "Stockerau-Open 2006 B-Turnier"]
[Site "Stockerau"]
[Date "2006.05.26"]
[Round "3"]
[White "Gindl, Josef"]
[Black "Grabenweger, Wolfgang"]
[Result "0-1"]
[WhiteElo "1570"]
[BlackElo "1533"]
[PlyCount "56"]
[EventDate "2006.05.25"]

1. d4 Nf6 2. c4 e6 3. Nf3 d5 4. e3 Nbd7 5. Nc3 c6 6. Bd3 dxc4 7. Bxc4 b5 8. Bd3
Bb7 9. a3 Qc7 10. O-O a6 11. b4 Bd6 12. g3 O-O 13. Re1 a5 14. bxa5 Rxa5 15. Nd2
b4 16. Ncb1 c5 17. Nc4 Ra7 18. Nxd6 Qxd6 19. Bb2 Ne4 20. axb4 Rxa1 21. Bxa1
cxb4 22. Qc2 Ng5 23. Nd2 Nf6 24. h4 Nf3+ 25. Nxf3 Bxf3 26. Bb2 Qd7 27. Rb1 e5
28. dxe5 Qh3 0-1